[Event "Autumn Cup RR2"]
[Site "Wellington Chess Club"]
[Date "2023.06.08"]
[Round "4.1"]
[White "Thirkell, Zachary"]
[Black "Benitez, Edgar"]
[Result "1-0"]
[WhiteElo "1865"]
[BlackElo "1945"]
[WhiteFideId "0"]
[BlackFideId "4301315"]
[PlyCount "0"]
[EventDate "2023.05.18"]
[SourceDate ""]

1. d4 d6 2. Nf3 Nf6 3. Bg5 h6 4. Bh4 Bf5 5. e3 c6 6. Bd3 Bg4 7. Nbd2 Nbd7 8. c3
Qc7 9. Qc2 e6 10. h3 Bxf3 11. Nxf3 d5 12. Bg3 Bd6 13. Bxd6 Qxd6 14. O-O O-O 15.
e4 dxe4 16. Bxe4 Nxe4 17. Qxe4 Rfe8 18. Rfe1 Re7 19. Rad1 Rae8 20. Ne5 Nf6 21.
Qc2 c5 22. dxc5 Qxc5 23. b4 Qc7 24. Qb3 Rc8 25. c4 Nd7 26. Nxd7 Rxd7 27. Rxd7
Qxd7 28. Rd1 Qc6 29. c5 b6 30. cxb6 axb6 31. a4 Qc4 32. Rd8+ Kh7 33. Qb1+ g6
34. Rxc8 Qxc8 35. a5 Qa6 36. axb6 Qxb6 37. b5 Kg7 38. Qb4 Kf6 39. Qh4+ Ke5 40.
Qxh6 Kd6 41. Qf8+ Kd5 42. Qxf7 Qxb5 43. Qxg6 Qe2 44. Qg5+ e5 45. Qd8+ Ke6 46.
Qb6+ Kf5 47. g4+ Kf4 48. Qe3+ Qxe3 49. fxe3+ Kxe3 50. g5 Kd2 51. g6 e4 52. g7
e3 53. g8=Q e2 54. Qg2 Kd1 55. Qxe2+ Kxe2 56. h4 Kf3 57. h5 Kf4 58. h6 1-0

[Event "Autumn Cup RR2"]
[Site "Wellington Chess Club"]
[Date "2023.06.08"]
[Round "4.2"]
[White "Young, Cohen"]
[Black "Jackson, Ross"]
[Result "1-0"]
[WhiteElo "2088"]
[BlackElo "1949"]
[WhiteFideId "4317440"]
[BlackFideId "4301501"]
[PlyCount "0"]
[EventDate "2023.05.18"]
[SourceDate ""]

1. e4 c5 2. Nf3 d6 3. d4 cxd4 4. Nxd4 Nf6 5. Nc3 a6 6. f3 Nc6 7. Be3 Bd7 8. Qd2
b5 9. O-O-O b4 10. Nd5 Nxd5 11. Nxc6 Bxc6 12. exd5 Bd7 13. Qxb4 g6 14. Bd4 Bh6+
15. Kb1 O-O 16. h4 a5 17. Qe1 Qc7 18. h5 Bg5 19. Bd3 e5 20. dxe6 Bxe6 21. hxg6
fxg6 22. Qxe6+ 1-0

[Event "Autumn Cup RR2"]
[Site "Wellington Chess Club"]
[Date "2023.06.08"]
[Round "4.3"]
[White "Sellen, Ian"]
[Black "Forster, Bill"]
[Result "1/2-1/2"]
[WhiteElo "2062"]
[BlackElo "2008"]
[WhiteFideId "4300610"]
[BlackFideId "4301358"]
[PlyCount "0"]
[EventDate "2023.05.18"]
[SourceDate ""]

1. c4 g6 2. Nc3 Bg7 3. g3 e5 4. Bg2 Ne7 5. e3 O-O 6. d4 d6 7. Nge2 c5 8. O-O
Nbc6 9. dxc5 dxc5 10. Ne4 Be6 11. b3 b6 12. Bb2 h6 13. Qxd8 Raxd8 14. Rfd1
Rxd1+ 15. Rxd1 Rd8 16. Rxd8+ Nxd8 17. N4c3 Kf8 18. Nd5 Nxd5 19. cxd5 Bf5 20. e4
Bc8 21. Nc3 Nb7 22. f3 Nd6 23. Bf1 Ke7 24. Nb5 Nxb5 25. Bxb5 Kd6 26. Kf2 f5 27.
Be8 fxe4 28. fxe4 g5 29. Ba3 a5 30. Ke3 Ba6 31. Bh5 Bc8 32. Kf3 1/2-1/2

[Event "Autumn Cup RR2"]
[Site "Wellington Chess Club"]
[Date "2023.06.15"]
[Round "5.1"]
[White "Forster, Bill"]
[Black "Thirkell, Zachary"]
[Result "1-0"]
[WhiteElo "2008"]
[BlackElo "1865"]
[WhiteFideId "4301358"]
[BlackFideId "0"]
[PlyCount "0"]
[EventDate "2023.05.18"]
[SourceDate ""]

1. d4 d5 2. Nc3 c6 3. f3 e6 4. e4 Ne7 5. Be3 Nd7 6. Qd2 Ng6 7. O-O-O Be7 8. Bd3
b5 9. g3 Nb6 10. h4 h5 11. Bg5 Nc4 12. Bxe7 Qxe7 13. Bxc4 bxc4 14. Na4 f6 15.
Rh2 Kf7 16. Re2 dxe4 17. Rxe4 e5 18. dxe5 fxe5 19. Qd6 Bf5 20. Rxc4 Rhd8 21.
Qxe7+ Nxe7 22. Rxd8 Rxd8 23. Ne2 e4 24. fxe4 Bg4 25. Rd4 Nd5 26. Ng1 Re8 27.
exd5 Re1+ 28. Kd2 Rxg1 29. dxc6 Rg2+ 30. Kc3 Rxg3+ 31. Kb4 Be6 32. Nc5 Rg4 33.
Nxe6 Kxe6 34. Kc5 Rxd4 35. Kxd4 Kd6 36. Ke4 Kxc6 37. Kf5 Kd5 38. Kg5 Ke4 39.
Kxh5 Ke3 40. Kg6 Kd2 41. c4 Kc2 42. c5 Kxb2 43. c6 Kxa2 44. c7 a5 45. c8=Q a4
46. Qa8 Kb3 47. Kxg7 a3 1-0

[Event "Autumn Cup RR2"]
[Site "Wellington Chess Club"]
[Date "2023.06.15"]
[Round "5.2"]
[White "Jackson, Ross"]
[Black "Sellen, Ian"]
[Result "1/2-1/2"]
[WhiteElo "1949"]
[BlackElo "2062"]
[WhiteFideId "4301501"]
[BlackFideId "4300610"]
[PlyCount "0"]
[EventDate "2023.05.18"]
[SourceDate ""]

1. d4 d5 2. c4 e6 3. Nc3 Nf6 4. cxd5 exd5 5. Bg5 c6 6. e3 Be7 7. Bd3 h6 8. Bh4
O-O 9. Nge2 Re8 10. O-O Nbd7 11. a3 b6 12. b4 Bb7 13. Rb1 Nf8 14. a4 Ne4 15.
Bxe7 Rxe7 16. Qc2 Nxc3 17. Nxc3 Rc8 18. Bf5 Ne6 19. Qd3 g6 20. Bh3 Rcc7 21. g3
Ng5 22. Bg2 Qc8 23. h4 Nh7 24. Rfc1 Nf6 25. Qf1 Qe6 26. Bh3 Qd6 27. Rc2 h5 28.
Qd1 Ba6 29. b5 cxb5 30. Nxb5 Bxb5 31. Rxc7 Rxc7 32. axb5 1/2-1/2

[Event "Autumn Cup RR2"]
[Site "Wellington Chess Club"]
[Date "2023.06.15"]
[Round "5.3"]
[White "Benitez, Edgar"]
[Black "Young, Cohen"]
[Result "1-0"]
[WhiteElo "1945"]
[BlackElo "2088"]
[WhiteFideId "4301315"]
[BlackFideId "4317440"]
[PlyCount "0"]
[EventDate "2023.05.18"]
[SourceDate ""]

1. e4 c5 2. Nc3 Nc6 3. f4 g6 4. Nf3 Bg7 5. Bc4 e6 6. O-O Nge7 7. d3 d5 8. Bb5
O-O 9. Bxc6 Nxc6 10. e5 f6 11. Qe1 a6 12. Qg3 b5 13. Bd2 Bb7 14. a3 Qd7 15.
Rae1 fxe5 16. fxe5 Ne7 17. Qh3 Rf5 18. g4 Rff8 19. Ng5 h6 20. Nf3 d4 21. Ne4
Bxe4 22. Rxe4 g5 23. Bxg5 hxg5 24. Nxg5 Rxf1+ 25. Kxf1 Nd5 26. Qh7+ Kf8 27. c4
dxc3 28. bxc3 c4 29. d4 Ra7 30. Re2 Bxe5 31. Qh6+ Bg7 32. Nxe6+ Kg8 33. Nxg7
Qxg7 34. Re8+ 1-0

[Event "Autumn Cup RR3"]
[Site "Wellington Chess Club"]
[Date "2023.05.18"]
[Round "1"]
[White "Aidan Malcolm"]
[Black "John Marney"]
[Result "0-1"]
[WhiteElo "1791"]
[BlackElo "1673"]

1. e4 e5 2. Nf3 Nc6 3. Bb5 Bc5 4. O-O Nd4 5. Bc4 Nxf3+ 6. Qxf3 Nf6 7. c3 d6 8.
d3 Be6 9. Bb5+ c6 10. Ba4 h6 11. b4 Bb6 12. Bb2 O-O 13. d4 Qe7 14. Bc2 Rae8 15.
Nd2 Bd7 16. Rae1 Be6 17. a4 a6 18. Kh1 Qd7 19. Nb3 Bg4 20. Qd3 Nh5 21. Bc1 Bd8
22. f4 Nf6 23. f5 Qe7 24. h3 Bh5 25. g4 Nxg4 26. hxg4 Qh4+ 27. Kg2 Qxg4+ 28.
Qg3 Bh4 29. Qxg4 Bxg4 30. Re3 g5 31. Nd2 f6 32. Nf3 Bxf3+ 33. Kxf3 Re7 34. Bd1
Rg7 35. Rg1 Kf7 36. Ke2 g4 37. Kd3 h5 38. Rh1 Bg5 39. Rxh5 Bxe3 40. Bxe3 g3 41.
Rh1 g2 42. Rg1 Rg3 43. Bh5+ Ke7 44. Bg6 Rh8 45. Ke2 Rh1 46. Bf2 Rxg1 47. Bxg1
Rxc3 48. dxe5 dxe5 49. Kf2 Rc2+ 50. Kf3 Rb2 51. a5 Rxb4 52. Kxg2 Rxe4 53. Bc5+
Kd7 54. Bf8 Ra4 0-1

[Event "Autumn Cup RR3"]
[Site "Wellington Chess Club"]
[Date "2023.05.18"]
[Round "1"]
[White "Dixon, Hamish"]
[Black "Henrys, Francis"]
[Result "0-1"]
[WhiteElo "1713"]
[BlackElo "1692"]
[PlyCount "40"]

1. e4 d5 2. exd5 Qxd5 3. Nc3 Qd8 4. Nf3 Nc6 5. Bc4 e6 6. O-O Bc5 7. Na4 Qe7 8.
d4 Bb6 9. Nxb6 axb6 10. Re1 Nf6 11. d5 Na5 12. dxe6 fxe6 13. Bxe6 Bxe6 14. Ng5
O-O 15. Rxe6 Rad8 16. Qe2 Qd7 17. Be3 h6 18. Re1 hxg5 19. Bxg5 Rde8 20. Qf3
Rxe6 0-1

[Event "Autumn Cup RR3"]
[Site "Wellington Chess Club"]
[Date "2023.05.18"]
[Round "1"]
[White "Saglam, Yigit"]
[Black "McConnell, Jack"]
[Result "1/2-1/2"]
[WhiteElo "1827"]
[BlackElo "1664"]
[WhiteFideId "4313186"]
[BlackFideId "4321120"]
[PlyCount "0"]
[EventDate "2023.05.18"]
[SourceDate ""]

1. c4 c5 2. Nc3 Nf6 3. e4 e6 4. g3 b6 5. e5 Bb7 6. f3 Ng4 7. d4 cxd4 8. Qxd4 h5
9. fxg4 Bxh1 10. Ne4 Bxe4 11. Qxe4 Bb4+ 12. Ke2 Nc6 13. g5 Qc7 14. Bf4 g6 15.
Nf3 Rc8 16. a3 Bf8 17. Kf2 Ne7 18. Nd4 a6 19. Bg2 Nf5 20. Ne2 Qxc4 21. Rc1 Bc5+
22. Ke1 Qxe4 23. Bxe4 O-O 24. Rd1 Rc7 25. Nc3 Rd8 26. Bd3 b5 27. Ne4 Be7 28.
Kd2 d5 29. exd6 Bxd6 30. Nxd6 Nxd6 31. Ke2 Rcd7 32. Rc1 Nf5 33. Be4 Nd4+ 34.
Kf2 Nb3 35. Rc6 a5 36. Rc3 Nd4 37. Be5 Nf5 38. Bf4 Rd2+ 39. Bxd2 Rxd2+ 40. Kg1
Rxb2 41. Rc5 Ra2 42. Rxb5 Rxa3 43. Rb8+ Kg7 44. Ra8 Nd4 45. Kf2 e5 46. Ra7 Ra2+
47. Kg1 a4 48. Bd5 Ra1+ 49. Kf2 Nf5 50. Bxf7 a3 1/2-1/2

[Event "Autumn Cup RR3"]
[Site "Wellington Chess Club"]
[Date "2023.05.25"]
[Round "2.1"]
[White "McConnell, Jack"]
[Black "Henrys, Francis"]
[Result "1-0"]
[WhiteElo "1664"]
[BlackElo "1692"]
[WhiteFideId "0"]
[BlackFideId "0"]
[PlyCount "0"]
[EventDate "2023.05.18"]
[SourceDate ""]

1. e4 e5 2. Nf3 Nc6 3. Bc4 Bc5 4. O-O Nf6 5. d4 exd4 6. e5 Ng4 7. Bf4 {Bxf7+ is
tempting but Bf4 is simply the stronger move.} 7... O-O 8. h3 d5 {Conceding the
extra pawn in view of the damged kingside and good attacking chances White has
after 8...Nh6. However this is technically the better line for Black as there
is little compensation for the lost pawn.} 9. exd6 {Bb3 can also be played,
insisting upon the damage to the kingside.} 9... Nf6 10. dxc7 Qd7 11. c3 Nh5
12. Ne5 $2 {This move actually loses White's advantage after 12.Qf5!} 12...
Nxe5 $2 {Black misses the opportunity to equalise and now the idea behind
12.Ne5 works.}  (12... Qf5 $1 13. Bd3 Qxf4 14. Qxh5 g6 15. Nxg6 hxg6 16. Qxc5
Bxh3 $1 17. gxh3 Rfe8 18. cxd4 Re3 $1 {After this move Black forces a
perpetual.} ) 13. Bxe5 Qf5 $2 14. cxd4 Bb6 15. Qg4 $2 {Almost any move here
would be clearly winning for White, but electing to trade the Queens is one of
the slowest and least advantageous. White doesn't need to fear Black's
attacking threats enough to give up a pawn for the Queen exchange.}  (15. Nc3
$1 Qg5 16. Qf3 Be6 17. Ne4 Qg6 18. Rac1) 15... Qxg4 $2 {There was a better,
though still losing, way for Black to exchange Queens.}  (15... Qxe5 16. dxe5
Bxg4 17. hxg4 Nf4 18. g3 Ne6 {White cannot stop the c-pawn from falling.} ) 16.
hxg4 Bxg4 17. d5 Rfe8 18. Bh2 Rac8 19. Bb5 Re4 20. Nc3 Rd4 21. Rae1 Nf6 22. Be5
Rd2 23. Nb1 $4 {Simply blundering the d-pawn after which the position is equal
but Black has by far the better time.}  (23. d6 $1 Bc5 24. Be2 $1 Bxe2 25. Rxe2
Rd3 26. Bxf6 gxf6 27. Rfe1 $1) 23... Rxd5 24. Nc3 Rc5 $6 25. Bd6 $6 (25. Bd4
R5xc7 26. Bxf6 gxf6 27. Nd5 $1 Rc5 28. Ne7+ Kg7 29. Nxc8 Bxc8 30. Bd3) 25...
Rg5 26. Bf4 Rh5 27. Re7 {Here I offered a draw, as I felt I was close to
losing, though I was actually fairly fortunate my opponent declined because the
right move for Black turned out to be fairly difficult to find.} 27... Nd5 $4
{Only Bc5 holds a draw for Black, after which a repetition should be the
correct conclusion to the game.} 28. Nxd5 Rxd5 29. Rfe1 $1 h6 30. Re8+ $6 {Bc4
would have been even stronger.}  (30. Bc4 Rd4 31. Bxf7+ Kh7 32. Bg3) 30... Kh7
31. Rxc8 Bxc8 32. Re8 Rxb5 33. Rxc8 Rc5 34. a4 {b4 first would have been
better, to stop a5.} 34... a5 35. Kf1 $6 {This gives Black drawing chances.}  (
35. g4 Rc4 36. Bg3 Kg6) 35... f6 $6 {h5 is Black's best try.} 36. Ke2 $6 g5 $4
{This extremely weakening move is the losing mistake.} 37. Bd6 Rc6 38. Rd8 Bxc7
39. Rd7+ Kg6 40. Bxc7 Rc2+ 41. Ke3 {The conversion of this endgame is still
extremely technical and I was down to the last few minutes on my clock.} 41...
Rxb2 42. Bxa5 Kf5 43. Rd5+ Ke6 44. Rb5 Ra2 45. Rb4 f5 46. Rb5 $6 {This was just
a complete mistake, which made my job frustratingly harder. I meant to play
Rb6+, but hallucinated.} 46... f4+ 47. Kf3 Rxa4 48. Bc7 Ra2 49. Rxb7 Kf5 50.
Rb5+ Ke6 51. g3 Ra3+ 52. Kg2 $6 {This move also made my task far more
difficult.} 52... f3+ 53. Kg1 Ra1+ 54. Kh2 Rf1 55. Bb6 Kf6 56. g4 $1 Kg6 57.
Rb3 h5 58. gxh5+ Kxh5 59. Rxf3 g4 60. Rg3 Rb1 61. Be3 {From here it took me
some time to find the right coordination of my pieces in order to convert the
game.} 61... Rb2 62. Rg1 Kh4 63. Bd4 Rd2 64. Be3 Rc2 65. Rg3 Re2 66. Kg2 Re1
67. Bd2 Re2 68. Rd3 $1 Kh5 69. Rd6 Rxf2+ {This was Black's last trick, as
otherwise, White is checkmating.}  (69... g3 70. Kh3 $1 Rxd2 71. Rxd2) 70. Kxf2
g3+ {A nice last attempt, offering White the pawn in exchange for stalemate.}
71. Kf3 $1 g2 72. Rh6# 1-0

[Event "Autumn Cup RR3"]
[Site "Wellington Chess Club"]
[Date "2023.05.25"]
[Round "2.2"]
[White "Marney, John"]
[Black "Dixon, Hamish"]
[Result "1-0"]
[WhiteElo "1673"]
[BlackElo "1713"]
[WhiteFideId "0"]
[BlackFideId "0"]
[PlyCount "0"]
[EventDate "2023.05.18"]
[SourceDate ""]

1. e4 c5 2. Nf3 d6 3. d4 cxd4 4. Nxd4 Nf6 5. Nc3 g6 6. Be3 Bg7 7. f3 Nc6 8. Qd2
O-O 9. O-O-O a6 10. Kb1 Nxd4 11. Bxd4 Be6 12. g4 Qa5 13. Nd5 Qxd2 14. Nxe7+ Kh8
15. Rxd2 Rfe8 16. Bxf6 Bxf6 17. Nd5 Bxd5 18. Rxd5 Be5 19. Bc4 Rac8 20. Bb3 Re7
21. h4 Kg7 22. g5 Rh8 23. h5 h6 24. hxg6 fxg6 25. Rxh6 Rxh6 26. gxh6+ Kxh6 27.
Rd3 Kg5 28. a4 a5 29. Kc1 Kf4 30. c3 Rh7 31. Bd1 g5 32. Kc2 Rh2+ 33. Rd2 Rh7
34. Kd3 Rc7 35. Rg2 Bf6 36. Rg4+ Ke5 37. b4 Ke6 38. Bb3+ Ke7 39. Bc4 b6 40. f4
gxf4 41. Rxf4 Ra7 42. bxa5 Rxa5 43. Bb5 Ra7 44. Rf5 Rc7 45. c4 Be5 46. Rh5 Rc8
47. Rh7+ Kd8 48. Rb7 Ra8 49. Rxb6 1-0

[Event "Autumn Cup RR3"]
[Site "Wellington Chess Club"]
[Date "2023.06.01"]
[Round "3.1"]
[White "Malcolm, Aidan"]
[Black "McConnell, Jack"]
[Result "1-0"]
[WhiteElo "1791"]
[BlackElo "1664"]
[WhiteFideId "4315073"]
[BlackFideId "0"]
[PlyCount "0"]
[EventDate "2023.05.18"]
[SourceDate ""]

1. d4 Nf6 2. c4 c5 3. d5 e6 4. Nc3 exd5 5. cxd5 d6 6. e4 g6 7. f4 Bg7 8. Bb5+
Nfd7 9. a4 O-O 10. Nf3 Na6 11. O-O Nb4 12. Be3 {This move is a minor (though
good) sideline in a very theoretical opening, after which I was out of
preparation.} 12... Nf6 {The main move after Be3 is a6, though Nf6 is also
decent.}  (12... a6 13. Be2 (13. Bc4 Re8 14. Bf2 Nb6 15. Nd2 f5) 13... Re8 14.
Bf2 f5 15. exf5 gxf5 16. Ng5 Nf6) 13. Bf2 a6 14. Be2 Ng4 {I spent a decent
amount of time here deciding whether to play Bg4 or Ng4.}  (14... Bg4 15. Kh1
Bxf3 16. Bxf3 Nd7) 15. Bh4 Qc7 $6 {I spent a while trying to make g5 in this
position work, but unfortunately there are a number of issues. Stockfish points
out that it is hypothetically possible to reverse the move order in the line I
was looking at, though White does get a large amount of play. Stockfish's top
move is Qe8, similar to my move but with the valuable point that the Queen is
not hit by a future d6 pawn push.}  (15... Ne3 $5 16. Qc1 g5 17. Bxg5 f6 18.
Bh4 Nxf1 19. Bxf1 {Black wins an exchange, but White has plenty of compensation
and remains better.} )  (15... Qe8 $1 16. Qd2 f5 17. e5 dxe5) 16. Qd2 f5 $6 17.
h3 $6 (17. e5 $1 dxe5 18. Bc4 {Taking advantage of the Black Queen's somewhat
awkward positioning.} 18... Kh8 19. d6 Qc6 20. Nxe5 Nxe5 21. fxe5 Bxe5 22. Be7
{White has an overwhelming attack for the pawn.} ) 17... fxe4 18. Nxe4 Nh6 {Re8
first would be more precise, as the White knight is somewhat pinned to the e3
square while the Black knight is on g4.}  (18... Re8 19. Nc3 $2 Ne3 20. Rfc1
Qf7) 19. Neg5 {This gives Black some time to stabilise, whereas g4 threatened
to roll the kingside very quickly.} 19... Nf5 20. Bf2 h6 21. Ne4 Re8 22. Nc3 b6
(22... Nd4 $5 23. Nxd4 cxd4 {This variation works tactically because of the
Knight fork threatened on c2.} 24. Ne4 Rxe4 25. Bf3 Re7 26. Qxb4) 23. Rfe1 Bb7
24. Bc4 Kh7 {Nd4 with a similar idea to the previous line would give Black full
equality, as now after cxd4 White's light-squared bishop is hit.} 25. h4 Ne7 $6
26. Re6 (26. h5 $1 gxh5 27. Nh4 {Black is in massive trouble in this line.} )
26... Bxc3 $4 {This is a losing move, both strategically and tactically, as
Black is unable to pick up the extra pawn without suffering a winning attack.}
27. bxc3 Nbxd5 28. f5 Qc6 29. Ne5 dxe5 30. fxg6+ Kg7 31. Rxc6 Bxc6 32. h5 Nf4
33. Qd6 Nxh5 34. Qxe5+ Nf6 35. Bh4 Ng8 36. Qc7+ Bd7 37. Bxg8 1-0

[Event "Autumn Cup RR3"]
[Site "Wellington Chess Club"]
[Date "2023.06.01"]
[Round "3.2"]
[White "Dixon, Hamish"]
[Black "Saglam, Yigit"]
[Result "0-1"]
[WhiteElo "1713"]
[BlackElo "1827"]
[WhiteFideId "0"]
[BlackFideId "0"]
[PlyCount "0"]
[EventDate "2023.05.18"]
[SourceDate ""]

1. e4 c5 2. Nf3 Nc6 3. d4 cxd4 4. Nxd4 Nf6 5. Nc3 d6 6. Be2 e6 7. Be3 Be7 8.
Qd2 Bd7 9. O-O a6 10. f4 O-O 11. Rad1 Qc7 12. Bf3 Rac8 13. a4 Na5 14. Be2 Nc4
15. Bxc4 Qxc4 16. e5 dxe5 17. fxe5 Nd5 18. Nxd5 Qxd5 19. Nf5 Bc5 20. Qxd5 Bxe3+
21. Nxe3 exd5 22. b3 Be6 23. Rf2 Rfd8 24. Rfd2 Re8 25. Nxd5 Bxd5 26. Rxd5 Rxc2
27. Rd8 Kf8 28. R1d7 Rxd8 29. Rxd8+ Ke7 30. Rb8 Rc7 31. Rh8 h6 32. Rh7 g6 33.
Rxh6 Rc3 34. Rh3 Rxh3 35. gxh3 Ke6 36. Kf2 Kxe5 37. Ke3 b5 38. axb5 axb5 39.
Kd3 f5 40. h4 Kf4 41. b4 Kg4 0-1

[Event "Autumn Cup RR3"]
[Site "Wellington Chess Club"]
[Date "2023.06.01"]
[Round "3.3"]
[White "Henrys, Francis"]
[Black "Marney, John"]
[Result "1-0"]
[WhiteElo "1692"]
[BlackElo "1673"]
[WhiteFideId "0"]
[BlackFideId "0"]
[PlyCount "0"]
[EventDate "2023.05.18"]
[SourceDate ""]

1. e4 e5 2. Nf3 Nc6 3. Bb5 Bc5 4. Nc3 Nd4 5. O-O Nxf3+ 6. Qxf3 Nf6 7. d3 c6 8.
Bc4 b5 9. Bb3 h6 10. Qg3 g5 11. Qxe5+ Be7 12. f4 d6 13. Qd4 g4 14. e5 dxe5 15.
Qxd8+ Bxd8 16. fxe5 Bb6+ 17. Kh1 Nd7 18. Bxf7+ Ke7 19. e6 Nc5 20. Be3 Nxe6 21.
Bxb6 axb6 22. Bxe6 Bxe6 23. Rae1 Kd7 24. a3 Rhf8 25. Kg1 Rf7 26. Re5 Raf8 27.
Rfe1 Bf5 28. Ne2 Kd6 29. Ng3 Bd7 30. d4 Rf2 31. Ne4+ 1-0